000 00464 a2200157 4500
999 _c8706
_d8706
020 _a9780421717909
050 _aKD829 MEG 2002
100 _aOakley, Tony
_eauthor
245 _aMegarry's manual of the law of real property /
_cby Tony Oakley
250 _a8th
264 _aLondon:
_bSweet and Maxwell,
_c2002.
300 _a651p. :
500 _aPrevious ed.: 1993 Includes index
650 _aReal property
_xGreat Britain
942 _2lcc
_cBK
_e8th
_h829
_iMEG
_kKD